000
00360nam a2200133Ia 4500
008
151001s9999||||xx |||||||||||||| ||und||
100
_a
चंद्रकांत काकोडकर
245
_a
मॉडेल गल
250
_a
2
260
_b
भारतीय पॉकेट बुक्स
260
_c
1968
300
_a
112
365
_b
7
999
_c
954792
_d
954789